Normal view
MARC view
Entry Personal Name
001 - CONTROL NUMBER
- control field: 59707
003 - CONTROL NUMBER IDENTIFIER
- control field: dpl
005 - DATE AND TIME OF LATEST TRANSACTION
- control field: 20231211114741.0
008 - FIXED-LENGTH DATA ELEMENTS
- fixed length control field: 231211|| aca||aabn | a|a d
040 ## - CATALOGING SOURCE
- Original cataloging agency: dpl
- Transcribing agency: dpl
100 ## - HEADING--PERSONAL NAME
- Dates associated with a name: अनुवादक
670 ## - SOURCE DATA FOUND
- Source citation: Work cat.: (dpl)199588: हिटलर,अडोल्फ़ , मेरा संघर्ष (हिटलर की आत्मकथा)/, 2018
